| 000 | 00681nam a2200265Ia 4500 | ||
|---|---|---|---|
| 003 | OSt | ||
| 005 | 20221007074121.0 | ||
| 006 | a|||||r|||| 00| 0 | ||
| 007 | ta | ||
| 008 | 221006b |||||||| |||| 00| 0 eng d | ||
| 020 | _c8.50Rs | ||
| 024 | _a21,191 | ||
| 037 | _cTextual | ||
| 040 |
_aFLL _cFLL _beng |
||
| 041 |
_2eng _aeng |
||
| 082 | _az2:924, J8;2 | ||
| 100 | _aSingh G.P | ||
| 245 | 0 | _aPrinciples of equity | |
| 250 | _a2nd | ||
| 260 |
_aLucknow,Delhi _bEastern book company India _c1954 |
||
| 300 |
_aviii,432 _ccm. |
||
| 650 |
_aTrust specofoc relief _9692523 |
||
| 942 |
_hz2:924, J8;2 _cTEXL _2CC |
||
| 999 |
_c1151210 _d1151210 |
||